[Event "Niedersachsen-ch U10"]
[Site "Norderney"]
[Date "2014.04.14"]
[Round "5"]
[White "Schwabenland, Max"]
[Black "Ufkes, Enno"]
[Result "1-0"]
[WhiteElo "1076"]
[BlackElo "993"]
[PlyCount "71"]
[EventDate "2014.04.??"]
[EventType "swiss"]
[EventRounds "11"]
[EventCountry "GER"]
[SourceTitle "EXT 2017"]
[Source "ChessBase"]
[SourceDate "2016.10.25"]
[SourceVersion "1"]
[SourceVersionDate "2016.10.25"]
[SourceQuality "1"]

1. c4 e5 2. Nc3 Nc6 3. e4 Nf6 4. g3 Bc5 5. Bg2 Bb4 6. Nge2 d6 7. h3 0-0 8. 0-0 Be6 9. d3 Bxc3 10. bxc3 Qd7 11. Kh2 h6 12. g4 h5 13. g5 Nh7 14. Ng3 h4 15. Ne2 Qe7 16. d4 Rad8 17. d5 Bd7 18. dxc6 Bxc6 19. Be3 Bd7 20. Qd2 Be6 21. f4 exf4 22. Bxf4 Bxc4 23. Rfe1 c6 24. Nd4 g6 25. e5 dxe5 26. Bxe5 c5 27. Bf6 Qc7+ 28. Be5 Qc8 29. Rac1 cxd4 30. cxd4 b5 31. Bf6 Nxf6 32. gxf6 Rfe8 33. Qh6 Qc7+ 34. Kh1 Rxe1+ 35. Rxe1 Qd6 36. Qg7# 1-0

[Event "Niedersachsen-ch U10"]
[Site "Norderney"]
[Date "2014.04.13"]
[Round "3"]
[White "Evering, Soeren"]
[Black "Ufkes, Enno"]
[Result "1-0"]
[WhiteElo "1397"]
[BlackElo "993"]
[PlyCount "141"]
[EventDate "2014.04.??"]
[EventType "swiss"]
[EventRounds "11"]
[EventCountry "GER"]
[SourceTitle "EXT 2017"]
[Source "ChessBase"]
[SourceDate "2016.10.25"]
[SourceVersion "1"]
[SourceVersionDate "2016.10.25"]
[SourceQuality "1"]

1. e4 e5 2. Nf3 Nc6 3. Bc4 Bc5 4. c3 Nf6 5. d4 exd4 6. e5 d5 7. Bb5 Ne4 8. Bxc6+ bxc6 9. cxd4 Bb4+ 10. Bd2 Bxd2+ 11. Nbxd2 Nxd2 12. Qxd2 Bg4 13. Ng5 h6 14. Nxf7 Kxf7 15. Qf4+ Kg8 16. Qxg4 Qg5 17. Qxg5 hxg5 18. 0-0 Rb8 19. b3 Rh4 20. Rfd1 Rb4 21. g3 Rhxd4 22. Rxd4 Rxd4 23. Rc1 Rb4 24. Rxc6 Rb7 25. Rc5 d4 26. Rc4 d3 27. Rd4 Rb5 28. e6 Re5 29. Rxd3 Rxe6 30. Rd5 Rg6 31. Rc5 c6 32. Ra5 c5 33. Rxc5 Ra6 34. a4 Rb6 35. Rb5 Rxb5 36. axb5 Kf7 37. Kg2 Kg6 38. Kf3 Kf7 39. Ke4 Ke6 40. h3 g6 41. g4 Ke7 42. Ke5 Kd7 43. Kf6 Kd6 44. Kxg6 Kc5 45. Kxg5 Kxb5 46. h4 a5 47. h5 Kb4 48. h6 Kxb3 49. h7 a4 50. h8Q a3 51. f4 a2 52. f5 Kc2 53. Kf4 Kb1 54. g5 a1Q 55. Qxa1+ Kxa1 56. g6 Kb2 57. f6 Kc3 58. g7 Kd4 59. g8Q Kd3 60. f7 Kd4 61. f8N Kd3 62. Ne6 Kc3 63. Qg7+ Kc4 64. Qd4+ Kb3 65. Nc5+ Kc2 66. Ke3 Kc1 67. Nb3+ Kc2 68. Qd3+ Kb2 69. Nd2 Ka2 70. Qb3+ Ka1 71. Qb1# 1-0